000 01155nam a2200313Ia 4500
001 ebr10058090
003 CaPaEBR
006 m u
007 cr cn|||||||||
008 080604s1978 enk sb 001 0 eng d
020 _z0203198476
040 _aCaPaEBR
_cCaPaEBR
035 _a(OCoLC)144618590
050 1 4 _aPG3385
_b.L46 1978eb
245 0 0 _aLeo Tolstoy
_h[electronic resource] /
_cedited by A.V. Knowles.
250 _aRev. ed.
260 _aLondon ;
_aNew York :
_bRoutledge,
_c1978.
300 _axvii, 457 p.
490 1 _aThe critical heritage series
504 _aIncludes bibliographies and index.
533 _aElectronic reproduction.
_bPalo Alto, Calif. :
_cebrary,
_d2009.
_nAvailable via World Wide Web.
_nAccess may be limited to ebrary affiliated libraries.
600 1 0 _aTolstoy, Leo,
_cgraf,
_d1828-1910.
650 0 _aRussian literature.
655 7 _aElectronic books.
_2local
700 1 _aKnowles, A. V.
710 2 _aebrary, Inc.
830 0 _aCritical heritage series.
856 4 0 _uhttp://site.ebrary.com/lib/rucke/Doc?id=10058090
_zAn electronic book accessible through the World Wide Web; click to view
999 _c170986
_d170986